Central Library OPAC University of Rajshahi

Avancees in Limnology : (Record no. 74388)

MARC details
000 -LEADER
fixed length control field 01448cam a2200277 a 4500
001 - CONTROL NUMBER
control field 74388
003 - CONTROL NUMBER IDENTIFIER
rucl marc code BD-RjUL
005 - DATE AND TIME OF LATEST TRANSACTION
control field 20211209082538.0
008 - FIXED-LENGTH DATA ELEMENTS--GENERAL INFORMATION
fixed length control field 930514r20182008ii a b 100 0 eng
020 ## - INTERNATIONAL STANDARD BOOK NUMBER
International Standard Book Number 8185375194 :
Terms of availability Rs625.00 Tk.2095.00
035 ## - SYSTEM CONTROL NUMBER
System control number (BD-RjUL)74606
040 ## - CATALOGING SOURCE
Original cataloging agency DLC
Transcribing agency DLC
Modifying agency DLC
-- BD-RjUL
Language of cataloging eng
041 ## - LANGUAGE CODE
Language code of text/sound track or separate title eng
082 00 - DEWEY DECIMAL CLASSIFICATION NUMBER
Classification number 551.480954
Author mark and year NAA 2018
Edition number 23
111 2# - MAIN ENTRY--MEETING NAME
Meeting name or jurisdiction name as entry element National Symposium on Advances in Limnology and Conservation of Endangered Fish Species
Date of meeting (1989 :
Location of meeting Department of Zoology, H.N. Bahuguna Garhwal University)
9 (RLIN) 222276
245 10 - TITLE STATEMENT
Title Avancees in Limnology :
Remainder of title proceedings of the National Symposium on Advances in Limnology and Conservation of Endangered Fish Species, Oct. 23-25, 1989 /
Statement of responsibility, etc. edited by H.R. Singh.
260 ## - PUBLICATION, DISTRIBUTION, ETC. (IMPRINT)
Place of publication, distribution, etc. Delhi, India :
Name of publisher, distributor, etc. Narendra Pub. House,
Date of publication, distribution, etc. 2008[Reprint 2018]
300 ## - PHYSICAL DESCRIPTION
Pagination xv, 366 p. :
Illustrations ill. ;
Size 25 cm.
504 ## - BIBLIOGRAPHY, ETC. NOTE
Bibliography, etc Includes bibliographical references.
650 #0 - SUBJECT ADDED ENTRY--TOPICAL TERM
Topical term or geographic name as entry element Limnology
Geographic subdivision India
General subdivision Congresses.
9 (RLIN) 222269
Topical term or geographic name as entry element Freshwater fishes
Geographic subdivision India
General subdivision Congresses.
9 (RLIN) 222270
700 1# - ADDED ENTRY--PERSONAL NAME
Personal name Singh, H. R.
710 2# - ADDED ENTRY--CORPORATE NAME
Corporate name or jurisdiction name as entry element H.N. Bahuguna Garhwal University.
Subordinate unit Department of Zoology.
9 (RLIN) 222272
942 ## - ADDED ENTRY ELEMENTS (KOHA)
Source of classification or shelving scheme Dewey Decimal Classification
Koha item type Books
Holdings
Lost status Source of classification or shelving scheme Damaged status Not for loan Collection code Permanent Location Current Location Shelving location Date acquired Source of acquisition Cost, normal purchase price Total Checkouts Full call number Date last seen Copy number Koha item type
  Dewey Decimal Classification   Not For Loan Non-fiction Central Library, University of Rajshahi Central Library, University of Rajshahi Reading Room 19/07/2018 Dhaka : Paragon Interprisees 2093.00   551.480954 NAA 2018 13/08/2018 C-1 Books